Central Library OPAC University of Rajshahi
Normal view MARC view

Entry Personal Name

Number of records used in: 3

001 - CONTROL NUMBER

  • control field: 1948

003 - CONTROL NUMBER IDENTIFIER

  • control field: BD-RjUL

005 - DATE AND TIME OF LATEST TRANSACTION

  • control field: 20220321162653.0

008 - FIXED-LENGTH DATA ELEMENTS

  • fixed length control field: 220321|| aca||aabn | a|a d

040 ## - CATALOGING SOURCE

  • Original cataloging agency: BD-RjUL
  • Transcribing agency: BD-RjUL

100 ## - HEADING--PERSONAL NAME

  • Personal name: المراكشي, ابن عذاري ;; Marrakchi, Ibn Adhari

670 ## - SOURCE DATA FOUND

  • Source citation: Work cat.: (BD-RjUL)79588: المراكشي, ابن عذاري ;; Marrakchi, Ibn Adhari , البيان المُغْرِب في اختصار أخبار ملوك الأندلس والمغرب ;; albayan almughrib fi akhtisar 'akhbar muluk al'andalus walmaghrib /